00427nam a2200157Ia 4500008004100000020001500041041001200056082001600068100001700084245009300101250000800194260002600202300000800228650001600236700001700252221030s9999 xx 000 0 und d a8120312821 aEnglish a105.23bLou aK. C. Loudon 0aManagement Information System : Organization & Technologycby K. C. Loudon, J. P. Loudon a4th bPHI,aNew Delhic2000 a759 aBE Computer aJ. P. Loudon